Moringa : (Record no. 3826)
[ view plain ]
| 000 -LEADER | |
|---|---|
| fixed length control field | 01117cam a22003255a 4500 |
| 001 - CONTROL NUMBER | |
| control field | 15701331 |
| 003 - CONTROL NUMBER IDENTIFIER | |
| control field | OSt |
| 005 - DATE AND TIME OF LATEST TRANSACTION | |
| control field | 20140310181807.0 |
| 008 - FIXED-LENGTH DATA ELEMENTS--GENERAL INFORMATION | |
| fixed length control field | 090416s2009 ph ab b 001 0 eng |
| 010 ## - LIBRARY OF CONGRESS CONTROL NUMBER | |
| LC control number | 2009316343 |
| 020 ## - INTERNATIONAL STANDARD BOOK NUMBER | |
| International Standard Book Number | 9789710512041 |
| 040 ## - CATALOGING SOURCE | |
| Original cataloging agency | DLC |
| Transcribing agency | DLC |
| 042 ## - AUTHENTICATION CODE | |
| Authentication code | lcode |
| 043 ## - GEOGRAPHIC AREA CODE | |
| Geographic area code | a-ph--- |
| 050 ## - LIBRARY OF CONGRESS CALL NUMBER | |
| Classification number | QK 495 |
| Item number | .V713 2009 |
| 082 ## - DEWEY DECIMAL CLASSIFICATION NUMBER | |
| Classification number | REF 615 |
| Item number | V71 2009 |
| 100 1# - MAIN ENTRY--PERSONAL NAME | |
| Personal name | Villafuerte, Luis R. |
| 245 10 - TITLE STATEMENT | |
| Title | Moringa : |
| Remainder of title | malunggay Philippines / |
| Statement of responsibility, etc | [Luis R. Villafuerte, Lalaine Villafuerte-Abonal]. |
| 260 ## - PUBLICATION, DISTRIBUTION, ETC. (IMPRINT) | |
| Place of publication, distribution, etc | [Manila] : |
| Name of publisher, distributor, etc | Apples of Gold Pub., |
| Date of publication, distribution, etc | c2009. |
| 300 ## - PHYSICAL DESCRIPTION | |
| Extent | 306 p. : |
| Other physical details | col. ill., map ; |
| Dimensions | 31 cm. |
| 504 ## - BIBLIOGRAPHY, ETC. NOTE | |
| Bibliography, etc | Includes bibliographical references (p. 266-286) and index. |
| 520 ## - SUMMARY, ETC. | |
| Summary, etc | 1. Plants, Medicinal,--Chemistry--Congresses. 2. Herbs--Therapeutic use. 3. Moringa--Malunggay--Philippines. |
| 521 ## - TARGET AUDIENCE NOTE | |
| Target audience note | |
| 541 ## - IMMEDIATE SOURCE OF ACQUISITION NOTE | |
| -- | 1 |
| 562 ## - COPY AND VERSION IDENTIFICATION NOTE | |
| Number of copies | For circulation. 1 copy in the collection |
| 700 1# - ADDED ENTRY--PERSONAL NAME | |
| Personal name | Abonal, Lalaine Villafuerte- |
| 906 ## - LOCAL DATA ELEMENT F, LDF (RLIN) | |
| a | 7 |
| b | ibc |
| c | origode |
| d | 3 |
| e | ncip |
| f | 20 |
| g | y-gencatlg |
| 942 ## - ADDED ENTRY ELEMENTS (KOHA) | |
| Source of classification or shelving scheme | Library of Congress Classification |
| Koha item type | |
| Call number prefix | |
| Withdrawn status | Lost status | Source of classification or shelving scheme | Damaged status | Home library | Current library | Shelving location | Date acquired | Total Checkouts | Full call number | Barcode | Date last seen | Copy number | Price effective from | Koha item type |
|---|---|---|---|---|---|---|---|---|---|---|---|---|---|---|
| Library of Congress Classification | Luxembourg Library | Luxembourg Library | Reference Section | 07/04/2013 | QK 495 .V713 2009 | 17503 | 08/14/2015 | 1 | 07/04/2013 | Books |